| 000 | 01232nam a22002537a 4500 | ||
|---|---|---|---|
| 005 | 20170124103106.0 | ||
| 010 | _aA-701227 | ||
| 020 | _c150.00 | ||
| 035 | _aA-701227 | ||
| 037 | _bCen Lib/Ret | ||
| 040 |
_aDPL _bHN |
||
| 082 |
_a080 _bनागर |
||
| 100 |
_aनागर, विष्णु _978259 |
||
| 245 |
_aहमें देखती आँखे : _cविष्णु नागर _bउत्तर भारत के सामाजिक-सांस्कृतिक जीवन पर एक लेखनीय नज़र / |
||
| 246 |
_aHame dekheti ankhe : uttar Bharat ke samajaik-sanskritik jeevan par ek lekhaniya nazar / _bby Vishnu Nagar |
||
| 260 |
_a नई दिल्ली _bप्रवीन प्रकाशन _c1995 |
||
| 270 |
_b नई दिल्ली _a1/1079 ई, महरौली _e110030 |
||
| 300 |
_a247पृ. _c21सेमी (सजिल्द) |
||
| 650 |
_aहिंदी--पत्रकारिता _91191 |
||
| 650 |
_aसामाजिक-सांस्कृतिक--लेखन _978260 |
||
| 650 |
_aHindi - Journalism _943511 |
||
| 650 |
_aSocio-cultural - Writingy _978261 |
||
| 942 |
_2ddc _cHN _h080 _mनागर |
||
| 999 |
_c118084 _d118084 |
||